| 000 | 00463nam a2200181Ia 4500 | ||
|---|---|---|---|
| 008 | 220531s9999 xx 000 0 und d | ||
| 041 | _aeng | ||
| 082 |
_a- _bINC / WAK |
||
| 100 |
_aWakale, L.P. _980926 |
||
| 245 | _aIncome Tax : Practice & Procedure | ||
| 250 | _a1 st | ||
| 260 |
_aSangamner _bGayatri _c2021 |
||
| 300 | _a313 | ||
| 542 | _d08-03-2021 | ||
| 650 |
_aIncome Tax _980927 |
||
| 906 |
_cT.Y.B.Com. _d2020-2021 _f19460 |
||
| 999 |
_c44707 _d44707 |
||